000 01016nam a2200265 i 4500
001 bg
100 1 _aMAJKA, Krzysztof
245 1 0 _aOchrona przeciwporażeniowa w urządzeniach elektroenergetycznych niskiego napięcia :
_bskrypt dla studentów kierunku elektrotechnika, zwłaszcza specjalności elektroenergetyka /
_cKrzysztof Majka ; Politechnika Lubelska.
250 _aWyd. 2 popr. i uzup.
260 _aLublin :
_bWydaw. PL,
_c2003.
300 _a269 s. :
_brys., wykr. ;
_c24 cm.
500 _aNa okł. nazwa przedmiotu : Elektrotechnika.
504 _aBibliogr., rozporządzenia i normy.
650 9 _aElektroenergetyka
_xurządzenia
_xbezpieczeństwo i higiena pracy
650 9 _aRażenie prądem elektrycznym
_xzapobieganie
655 _aPodręczniki akademickie
710 0 _aPolitechnika Lubelska
020 _a8389246805
040 _cBPK
041 0 _apol
080 _a621.31:614.8:331.45](075.8)
920 _a83-89246-80-5
942 _cKS
008 s pl f |000 0 pol
999 _c43729
_d43729
856 _uhttp://koha.tu.koszalin.pl/cgi-bin/koha/opac-detail.pl?biblionumber=43729
_yKatalog online BPK